Statistics for "G" Countries By Continent

Click here to take the quiz!

General Stats

  • This quiz has been taken 40 times
    (36 since last reset)
  • The average score is 10 of 10

Answer Stats

QuestionAnswer% Correct
GabonAfrica
100%
GhanaAfrica
100%
GuineaAfrica
100%
Guinea-BissauAfrica
100%
GermanyEurope
100%
GreeceEurope
100%
GrenadaNorth America
94%
GeorgiaAsia
90%
GuyanaSouth America
90%
GuatemalaNorth America
77%

Score Distribution

Percentile by Number Answered

Percent of People with Each Score

Your Score History

You have not taken this quiz since the last reset